Case studies in reference work / (Record no. 688)
[ view plain ]
| 000 -LEADER | |
|---|---|
| fixed length control field | 00800nam a22002531 4500 |
| 001 - CONTROL NUMBER | |
| control field | 688 |
| 003 - CONTROL NUMBER IDENTIFIER | |
| rucl marc code | BD-RjUL |
| 005 - DATE AND TIME OF LATEST TRANSACTION | |
| control field | 20211208233222.0 |
| 008 - FIXED-LENGTH DATA ELEMENTS--GENERAL INFORMATION | |
| fixed length control field | 700330s1967 at 000 0 eng |
| 035 ## - SYSTEM CONTROL NUMBER | |
| System control number | (BD-RjUL)708 |
| 040 ## - CATALOGING SOURCE | |
| Original cataloging agency | DLC |
| Transcribing agency | DLC |
| Modifying agency | DLC |
| -- | BD-RjUL |
| Language of cataloging | eng |
| 041 ## - LANGUAGE CODE | |
| Language code of text/sound track or separate title | eng |
| 082 00 - DEWEY DECIMAL CLASSIFICATION NUMBER | |
| Classification number | 025.52 |
| Edition number | 19 |
| Author mark and year | GRC 1968 |
| 100 1# - MAIN ENTRY--PERSONAL NAME | |
| Personal name | Grogan, Denis Joseph |
| 9 (RLIN) | 2063 |
| 245 10 - TITLE STATEMENT | |
| Title | Case studies in reference work / |
| Statement of responsibility, etc. | Denis Grogan. |
| 260 ## - PUBLICATION, DISTRIBUTION, ETC. (IMPRINT) | |
| Place of publication, distribution, etc. | London : |
| Name of publisher, distributor, etc. | Clive Bingley , |
| Date of publication, distribution, etc. | c1967 [reprinted 1968]. |
| 300 ## - PHYSICAL DESCRIPTION | |
| Pagination | 166 p. ; |
| Size | 22 cm. |
| 504 ## - BIBLIOGRAPHY, ETC. NOTE | |
| Bibliography, etc | Includes indexs. |
| 650 #0 - SUBJECT ADDED ENTRY--TOPICAL TERM | |
| Topical term or geographic name as entry element | Reference services (Libraries) |
| General subdivision | Case studies. |
| 9 (RLIN) | 2064 |
| 856 ## - ELECTRONIC LOCATION AND ACCESS | |
| Uniform Resource Identifier | <a href="http://www.worldcat.org/title/case-studies-in-reference-work/oclc/430092&referer=brief_results">http://www.worldcat.org/title/case-studies-in-reference-work/oclc/430092&referer=brief_results</a> |
| 942 ## - ADDED ENTRY ELEMENTS (KOHA) | |
| Source of classification or shelving scheme | Dewey Decimal Classification |
| Koha item type | Books |
| Lost status | Source of classification or shelving scheme | Damaged status | Not for loan | Collection code | Permanent Location | Current Location | Shelving location | Date acquired | Source of acquisition | Cost, normal purchase price | Total Checkouts | Full call number | Date last seen | Copy number | Koha item type |
|---|---|---|---|---|---|---|---|---|---|---|---|---|---|---|---|
| Dewey Decimal Classification | Not For Loan | Non-fiction | Central Library, University of Rajshahi | Central Library, University of Rajshahi | Reading Room | 28/12/1970 | Sheets. d. xuit | 30.00 | 025.52 GRC 1968 | 23/11/2013 | C-1 | Books |